000 00711nam a2200241 4500
003 OSt
005 20260601171009.0
008 260507b2002\\\\|||ao|||\||||\00|\0\eng\d
020 _a0965540367
040 _aICI
_bspa
_cICI
050 _aHF5813.U6
_bN49
100 1 _aTen, Annual
_932788
245 1 _aThe New York Festivals:
_bThe world's best work
264 _bWatson-Guptill Publications
_c2002
_aEstados Unidos
300 _a502 páginas
336 _atexto
_2rdacontent
337 _asin medio
_2rdamedia
338 _avolumen
_2rdacarrier
650 _aPublicidad
_vPremios
_zEstados Unidos
_932789
650 _aDiseño gráfico
_vPremios
_932790
650 _aComunicación visual
942 _2lcc
_cB
_n1
999 _c20419
_d20419